Social problems. / (Record no. 2006)
[ view plain ]
| 000 -LEADER | |
|---|---|
| fixed length control field | 01074nam a22001697a 4500 |
| 008 - FIXED-LENGTH DATA ELEMENTS--GENERAL INFORMATION | |
| fixed length control field | 120814t xxu||||| |||| 00| 0 eng d |
| 020 ## - INTERNATIONAL STANDARD BOOK NUMBER | |
| International Standard Book Number | 0394354273 |
| 050 ## - LIBRARY OF CONGRESS CALL NUMBER | |
| Classification number | HM 51.R51 |
| 100 ## - MAIN ENTRY--PERSONAL NAME | |
| Personal name | Ritzer, George |
| 245 ## - TITLE STATEMENT | |
| Title | Social problems. / |
| Statement of responsibility, etc. | George Ritzer |
| 250 ## - EDITION STATEMENT | |
| Edition statement | 2nd ed. |
| 260 ## - PUBLICATION, DISTRIBUTION, ETC. | |
| Place of publication, distribution, etc. | New York: |
| Name of publisher, distributor, etc. | Random House, |
| Date of publication, distribution, etc. | c1975. |
| 300 ## - PHYSICAL DESCRIPTION | |
| Extent | viii, 632p. : |
| Other physical details | ill. ; |
| Dimensions | 24cm. |
| 505 ## - FORMATTED CONTENTS NOTE | |
| Formatted contents note | Contents: Analyzing social problems: Social problems and social science -- Doing social problems research -- Deviant behavior: Problems with drugs and alcohol -- Mental illness -- Crime -- Family and sexual violence -- Aging, by Jill Quadagno -- Problems of conflict and inequality: Majority and minority relations -- Gender inequality -- Poverty -- Problems of human progress: Problems of the economy and in the workplace -- Problems in health care, by peter conrad -- Urban problems, by Richard S. Krannich -- Population problems -- Ecological problems -- Militarism and international political economy, by Robert J. Antonio and Patrick J. Akard. |
| 650 ## - SUBJECT ADDED ENTRY--TOPICAL TERM | |
| Topical term following geographic name entry element | Sociology. |
| 942 ## - ADDED ENTRY ELEMENTS (KOHA) | |
| Source of classification or shelving scheme | Library of Congress Classification |
| Koha item type | Books |
| Withdrawn status | Lost status | Source of classification or shelving scheme | Damaged status | Not for loan | Home library | Current library | Shelving location | Date acquired | Total Checkouts | Full call number | Barcode | Date last seen | Price effective from | Koha item type |
|---|---|---|---|---|---|---|---|---|---|---|---|---|---|---|
| Library of Congress Classification | WISCONSIN INTERNATIONAL UNIVERSITY COLLEGE, GHANA - MAIN LIBRARY | WISCONSIN INTERNATIONAL UNIVERSITY COLLEGE, GHANA - MAIN LIBRARY | General Stacks | 14/08/2012 | HM 51.R51 | 3683/12 | 14/08/2012 | 14/08/2012 | Books |
